00366 a2200121 4500001000900000005001700009008004100026245003900067100002400106700002900130773007000159999001500229ART_815720260410161556.0260409a 10aEl balance social y su auditoría1 aGeba, Norma Beatriz1 aSebastián, Mónica P.0 tProfesional & Empresariag- Año XII, Nº 124 (ene. 2010)wREV70 c9279d9279